• 首页
  • 本馆介绍
  • 公告通知
  • 最新文献
  • 馆藏检索
  • 电子资源
  • 读者导购
  • 参考咨询
  • 我的图书馆
  • 登录
  • 详细信息显示
  • 放入我的书架
  • 预约/预借图书
  • 作者相关作品
  • 分类相关作品
  • 丛书相关作品
  • 出版社相关作品

书目信息

  • 表格格式
  • 工作单格式
  • 卡片格式
题名:
文化创意产业与产品贸易
    
 
作者: 白远 , 刘雯 编著
分册:  
出版信息: 北京   经济管理出版社  2017
页数: 327页
开本: 24cm
丛书名:
单 册:
中图分类: G114
科图分类:
主题词: 文化产业--研究--世界
电子资源:
ISBN: 978-7-5096-4432-4
000 01593nam0 2200277 450
001 2337743606
005 20231206102944.01
010    @a978-7-5096-4432-4@dCNY68.00
100    @a20161109d2017 em y0chiy50 ea
101 0  @achi
102    @aCN@b110000
105    @aak a 000yy
200 1  @a文化创意产业与产品贸易@Awen hua chuang yi chan ye yu chan pin mao yi@d= Creative industry and trade@f白远, 刘雯编著@zeng
210    @a北京@c经济管理出版社@d2017
215    @a327页@c图@d24cm
300    @a本书得到北京市财政专项教学名师资金资助
314    @a白远, 教授, 北京市教学名师, 北京市工会教育创新标兵。刘雯, 讲师, 现任教于解放军艺术学院文化基础教研室。
320    @a有书目 (第325-327页)
330    @a本书首先从理论学习入手, 了解文化创意产业发展的理论渊源和发展脉络, 包括对文化创意产业基本概念的界定、创意经济与新经济社会学、创意经济与三大产业理论、创意经济与人力资本理论、创意经济与新增长理论、文化创意产业价值链理论、文化创意产业竞争力理论、文化创意产品消费理论与产品贸易理论等。之后, 本书从文化创意产品国际贸易的角度论述全球文化创意产品贸易的格局与发展, 进而论述中国文化创意产业与产品贸易的发展状况。之后, 本教材将从文化创意产业分类的角度介绍和分析世界和我国文化创意产业与产品贸易的情况, 范围既包括文化创意货物产品贸易和服务产品贸易, 如设计、广告、电影动漫、表演艺术、视频游戏、建筑设计等, 也包括相关的产业与产品贸易, 如计算机与软件和知识产权等。
510 1  @aCreative industry and trade@zeng
606 0  @a文化产业@x研究@y世界
690    @aG114@v5
701  0 @a白远@Abai yuan@4编著
701  0 @a刘雯@Aliu wen@4编著
801  0 @aCN@b湖北三新@c20161109
905    @aBZT@dG114@e12
    
    文化创意产业与产品贸易= Creative industry and trade/白远, 刘雯编著.-北京:经济管理出版社,2017
    327页:图;24cm
    本书得到北京市财政专项教学名师资金资助
    
    ISBN 978-7-5096-4432-4:CNY68.00
    本书首先从理论学习入手, 了解文化创意产业发展的理论渊源和发展脉络, 包括对文化创意产业基本概念的界定、创意经济与新经济社会学、创意经济与三大产业理论、创意经济与人力资本理论、创意经济与新增长理论、文化创意产业价值链理论、文化创意产业竞争力理论、文化创意产品消费理论与产品贸易理论等。之后, 本书从文化创意产品国际贸易的角度论述全球文化创意产品贸易的格局与发展, 进而论述中国文化创意产业与产品贸易的发展状况。之后, 本教材将从文化创意产业分类的角度介绍和分析世界和我国文化创意产业与产品贸易的情况, 范围既包括文化创意货物产品贸易和服务产品贸易, 如设计、广告、电影动漫、表演艺术、视频游戏、建筑设计等, 也包括相关的产业与产品贸易, 如计算机与软件和知识产权等。
●
相关链接 在五车中查询图书 在当当中查询图书 在豆瓣中查询图书


正题名:文化创意产业与产品贸易     索取号:G114/12         预约/预借

序号 登录号 条形码 馆藏地/架位号 状态 备注
1 2001389683   2001389683   516书库/ [索取号:G114/12] 在馆    
2 2001389684   2001389684   516书库/ [索取号:G114/12] 在馆    
3 2001389685   2001389685   516书库/ [索取号:G114/12] 在馆    
4 2001389686   2001389686   516书库/ [索取号:G114/12] 在馆    
5 2001389687   2001389687   516书库/ [索取号:G114/12] 在馆    
6 2001389688   2001389688   516书库/ [索取号:G114/12] 在馆    
7 2001389689   2001389689   516书库/ [索取号:G114/12] 在馆    
8 2001389690   2001389690   516书库/ [索取号:G114/12] 在馆    
9 2001389691   2001389691   516书库/ [索取号:G114/12] 在馆    
10 2001389692   2001389692   516书库/ [索取号:G114/12] 在馆    
11 2001389693   2001389693   516书库/ [索取号:G114/12] 在馆    
12 2001389694   2001389694   516书库/ [索取号:G114/12] 在馆    
13 2001389695   2001389695   516书库/ [索取号:G114/12] 在馆    
14 2001389696   2001389696   516书库/ [索取号:G114/12] 在馆    
15 2001389697   2001389697   516书库/ [索取号:G114/12] 在馆    
16 2001389698   2001389698   516书库/ [索取号:G114/12] 在馆    
17 2001389699   2001389699   516书库/ [索取号:G114/12] 在馆    
18 2001389700   2001389700   516书库/ [索取号:G114/12] 在馆    
19 2001389701   2001389701   516书库/ [索取号:G114/12] 在馆    
20 2001389702   2001389702   516书库/ [索取号:G114/12] 在馆    
21 2001389703   2001389703   516书库/ [索取号:G114/12] 在馆    
山东省滨州职业学院图书馆 欢迎您!
大连网信软件有限公司© 版权所有